| 000 | 01133cam a2200337 i 4500 | ||
|---|---|---|---|
| 999 |
_c326 _d326 |
||
| 001 | 19193469 | ||
| 003 | OSt | ||
| 005 | 20190806102718.0 | ||
| 008 | 160727s2017 enka b 001 0 eng | ||
| 010 | _a 2016949248 | ||
| 020 | _a9780199658480 | ||
| 020 | _a019965848X | ||
| 040 |
_aDLC _beng _erda _cDLC _dDLC |
||
| 042 | _apcc | ||
| 082 | 0 | 0 |
_a571.6 HAN _223 |
| 100 | 1 |
_aHancock, John T. _eauthor |
|
| 245 | 1 | 0 |
_aCell signalling / _cJohn T. Hancock |
| 250 | _aFourth edition. | ||
| 260 |
_aOxford, United Kingdom ; _aNew York, NY, United States of America : _bOxford University Press, _c[2017] |
||
| 300 |
_axxix, 420 pages : _billustrations ; _c25 cm |
||
| 336 |
_atext _btxt _2rdacontent |
||
| 337 |
_aunmediated _bn _2rdamedia |
||
| 338 |
_avolume _bnc _2rdacarrier |
||
| 504 | _aIncludes bibliographical references and index. | ||
| 650 | 0 | _aCell interaction. | |
| 650 | 0 | _aCellular signal transduction. | |
| 906 |
_a7 _bcbc _corigcop _d2 _encip _f20 _gy-gencatlg |
||
| 942 |
_2ddc _cNFIC |
||